00676nam a2200241Ia 450000500170000000800460001703700110006304000080007404000080008204000080009004100080009804100080010608400080011410000490012224500680017126000090023930000080024865000080025670000540026494200070031899900210032595200880034620260430150302.0008 250103s9999 xx 000 0 eng d aTheses aCRL beng ceng 2eng aeng qCRL aJmil Saema Au.; Mishra Ashutosh Gu.91237031 0aNeed for Matrimonial Property Law in India: A Critical Analysis c2023 a179 aLaw aUniversity of Delhi. Faculty of Law. Deptt of Law cTH c1849418d1849418 00104070aCRLbCRLd2026-04-30l0pTH0027067r2026-04-30 15:03:02w2026-04-30yTH